=LDR 00000nam 2200000 4500 =001 INLIS000000000020290 =005 20200326104757 =035 ##$$a 0010-061300000020290 =008 200326################g##########0#ind## =041 ##$$a Ind =082 ##$$a 297.9 =090 ##$$a 2x9, Tho p =100 ##$$a Thohir, Ajid =245 1#$$a Perkembangan peradaban di kawasan dunia islam : $b Melacak akar-akar sejarah,sosial politik dan budaya umat islam, Ajid Thahir /$c Ajid Thahir =260 ##$$a Jakarta :$b Rajagrapindo,$c 2004 =300 ##$$a Xx, 262 hlm : $b Ilus ; $c 13 x20 cm =650 #4$$a Islam-sejarah =850 ##$$a NBPNMAT =020 ##$$a 979-3654-37-6 =084 ##$$a 297.9 THO p =250 ##$$a Cet. 1 =504 ##$$a Bibliografi : hlm. 349 - 363 =990 ##$$a 92920/BPAP-NTB/2014 =990 ##$$a 30700617 =990 ##$$a 30700617 =990 ##$$a 92920/BPAP-NTB/2014 =990 ##$$a 30700616 =990 ##$$a 30700617